[Event "World-ch (Women) k.o."]
[Site "Tehran"]
[Date "2017.02.16"]
[Round "2.9"]
[White "Batsiashvili, Nino"]
[Black "Khurtsidze, Nino"]
[Result "0-1"]
[WhiteElo "2492"]
[BlackElo "2383"]
[PlyCount "106"]
[EventDate "2017.02.11"]
[EventType "k.o."]
[EventRounds "7"]
[EventCountry "IRI"]
[SourceTitle "CBM 177"]
[Source "ChessBase"]
[SourceDate "2017.03.16"]
[SourceVersion "1"]
[SourceVersionDate "2017.03.16"]
[SourceQuality "1"]

1. d4 Nf6 2. Nf3 d5 3. Bf4 c5 4. e3 Nc6 5. Nbd2 cxd4 6. exd4 Bf5 7. c3 e6 8. Qb3 Qc8 9. Nh4 Be4 10. Nxe4 dxe4 11. g3 Be7 12. Ng2 Nd5 13. Bb5 0-0 14. 0-0 a6 15. Bxc6 Qxc6 16. Rae1 Nxf4 17. Nxf4 Bd6 18. Ng2 Rac8 19. Re3 Qd5 20. Rfe1 f5 21. R3e2 Qxb3 22. axb3 Kf7 23. Ne3 g6 24. Nc4 Bc7 25. f3 exf3 26. Rxe6 f4 27. g4 Rfe8 28. Rxe8 Rxe8 29. Rxe8 Kxe8 30. Kf2 Kf7 31. Kxf3 Kf6 32. h4 h5 33. g5+ Kf5 34. d5 b5 35. Nd2 Ke5 36. c4 Kd4 37. Ne4 bxc4 38. d6 Bd8 39. bxc4 Kxc4 40. d7 a5 41. Nd6+ Kb3 42. Kxf4 a4 43. Ke5 Kxb2 44. Nb5 Kb3 45. Ke6 Kb4 46. Nd4 Kc3 47. Nc6 Bc7 48. Ne7 Bd8 49. Nxg6 a3 50. Nf4 a2 51. g6 a1Q 52. g7 Qa2+ 53. Nd5+ Kd4 0-1

[Event "World-ch (Women) k.o."]
[Site "Tehran"]
[Date "2017.02.16"]
[Round "2.8"]
[White "Khurtsidze, Nino"]
[Black "Batsiashvili, Nino"]
[Result "1/2-1/2"]
[WhiteElo "2383"]
[BlackElo "2492"]
[PlyCount "137"]
[EventDate "2017.02.11"]
[EventType "k.o."]
[EventRounds "7"]
[EventCountry "IRI"]
[SourceTitle "CBM 177"]
[Source "ChessBase"]
[SourceDate "2017.03.16"]
[SourceVersion "1"]
[SourceVersionDate "2017.03.16"]
[SourceQuality "1"]

1. d4 d5 2. Nf3 Nf6 3. c4 e6 4. e3 a6 5. Nc3 c5 6. dxc5 Bxc5 7. cxd5 exd5 8. Be2 Nc6 9. 0-0 0-0 10. Na4 Ba7 11. b3 b5 12. Nc3 Bg4 13. Bb2 Qd6 14. Nh4 Bb8 15. g3 Bh3 16. Re1 Ba7 17. Bf3 Rad8 18. Ne2 Ne5 19. Bg2 Bxg2 20. Kxg2 Ne4 21. Nd4 Qf6 22. Ndf3 Bb8 23. Rf1 Qe7 24. Nxe5 Bxe5 25. Bxe5 Qxe5 26. Nf3 Qf6 27. Qd4 Qxd4 28. Nxd4 Rc8 29. Rfc1 Nc3 30. Rc2 Rc7 31. a3 Rfc8 32. Rac1 a5 33. Kf1 b4 34. axb4 axb4 35. Ne2 Nb5 36. Rxc7 Rxc7 37. Rxc7 Nxc7 38. Nd4 Kf8 39. Ke2 Ke8 40. Kd3 Kd7 41. Nc2 Na6 42. Kd4 Kd6 43. f3 f6 44. e4 dxe4 45. fxe4 Nc5 46. Kc4 Nxe4 47. Nxb4 g5 48. Kd4 Nd2 49. Nd3 Nxb3+ 50. Ke4 Ke6 51. Kf3 Nd4+ 52. Kg4 Kf7 53. h4 gxh4 54. Kxh4 Kg6 55. Kg4 h5+ 56. Kf4 Ne6+ 57. Kf3 Kg5 58. Nf2 Nd4+ 59. Kg2 Kf5 60. Kh3 Kg5 61. Ne4+ Kf5 62. Nf2 Nf3 63. g4+ hxg4+ 64. Nxg4 Ng1+ 65. Kg3 Ne2+ 66. Kh3 Nf4+ 67. Kg3 Ne2+ 68. Kh4 Nd4 69. Nxf6 1/2-1/2

[Event "World-ch (Women) k.o."]
[Site "Tehran"]
[Date "2017.02.15"]
[Round "2.2"]
[White "Khurtsidze, Nino"]
[Black "Batsiashvili, Nino"]
[Result "1/2-1/2"]
[WhiteElo "2383"]
[BlackElo "2492"]
[PlyCount "40"]
[EventDate "2017.02.11"]
[EventType "k.o."]
[EventRounds "7"]
[EventCountry "IRI"]
[SourceTitle "CBM 177"]
[Source "ChessBase"]
[SourceDate "2017.03.16"]
[SourceVersion "1"]
[SourceVersionDate "2017.03.16"]
[SourceQuality "1"]

1. d4 Nf6 2. c4 e6 3. Nf3 d5 4. Nc3 c5 5. cxd5 Nxd5 6. e4 Nxc3 7. bxc3 cxd4 8. cxd4 Bb4+ 9. Bd2 Bxd2+ 10. Qxd2 0-0 11. Bc4 Nd7 12. 0-0 b6 13. a4 Bb7 14. Rfe1 Rc8 15. Bd3 a5 16. Qb2 Qe7 17. Bb5 Nf6 18. Bd3 Nd7 19. Bb5 Nf6 20. Bd3 Nd7 1/2-1/2

[Event "Tbilisi Georgian Cup"]
[Site "Tbilisi"]
[Date "2016.12.20"]
[Round "7"]
[White "Beradze, Irakli"]
[Black "Khurtsidze, Nino"]
[Result "1-0"]
[WhiteElo "2434"]
[BlackElo "2381"]
[PlyCount "49"]
[EventDate "2016.12.13"]
[EventType "swiss"]
[EventRounds "9"]
[EventCountry "GEO"]
[SourceTitle "CBM 176 Extra"]
[Source "ChessBase"]
[SourceDate "2017.03.02"]
[SourceVersion "1"]
[SourceVersionDate "2017.03.02"]
[SourceQuality "1"]

1. Nf3 d5 2. g3 Nf6 3. Bg2 e6 4. 0-0 Be7 5. d3 c5 6. Nbd2 Nc6 7. e4 0-0 8. Re1 b5 9. e5 Ne8 10. Nf1 f5 11. exf6 Bxf6 12. Ne3 Nc7 13. Ng4 Bd7 14. Nxf6+ gxf6 15. c3 Kh8 16. Nh4 b4 17. Be3 Na6 18. c4 d4 19. Bh6 Rg8 20. Bxc6 Bxc6 21. Rxe6 Bb7 22. Qe2 Nb8 23. Re7 Nd7 24. Qe6 Bc6 25. Qf7 1-0

[Event "GEO-chT Club"]
[Site "Lagodekhi"]
[Date "2016.09.27"]
[Round "6.4"]
[White "Khotenashvili, Bela"]
[Black "Khurtsidze, Nino"]
[Result "0-1"]
[WhiteElo "2463"]
[BlackElo "2398"]
[PlyCount "84"]
[EventDate "2016.09.22"]
[EventType "team-tourn"]
[EventRounds "7"]
[EventCountry "GEO"]
[SourceTitle "CBM 174 Extra"]
[Source "ChessBase"]
[SourceDate "2016.10.10"]
[SourceVersion "1"]
[SourceVersionDate "2016.10.10"]
[SourceQuality "1"]
[WhiteTeam "Kakheti"]
[BlackTeam "Rustavi"]
[WhiteTeamCountry "GEO"]
[BlackTeamCountry "GEO"]

1. d4 Nf6 2. c4 e6 3. Nf3 d5 4. g3 Bb4+ 5. Bd2 Be7 6. Bg2 c6 7. Qc2 0-0 8. 0-0 Nbd7 9. b3 b6 10. Rd1 a5 11. Bf4 Ba6 12. Ne5 Nxe5 13. dxe5 Nd7 14. h4 Rc8 15. Nd2 b5 16. Bf1 bxc4 17. bxc4 Nb6 18. e4 Bb4 19. c5 Bxf1 20. Nxf1 Nd7 21. Be3 Qe7 22. Rdc1 Ba3 23. Rcb1 Bxc5 24. Rb7 Bxe3 25. Nxe3 Rfd8 26. Rc1 Qf8 27. Qc3 h6 28. Rc2 a4 29. Kg2 Rb8 30. Ra7 Rb4 31. exd5 cxd5 32. Qc7 Re4 33. Nf1 Nxe5 34. Nd2 Re1 35. Rxa4 Ra8 36. Ra7 Rxa7 37. Qxa7 Qb4 38. a3 Qg4 39. Rc8+ Kh7 40. Qb8 Qd1 41. Nf1 Qf3+ 42. Kg1 Qd3 0-1

[Event "GEO-chT Club"]
[Site "Lagodekhi"]
[Date "2016.09.26"]
[Round "5.2"]
[White "Khurtsidze, Nino"]
[Black "Melia, Salome"]
[Result "1/2-1/2"]
[WhiteElo "2398"]
[BlackElo "2419"]
[PlyCount "44"]
[EventDate "2016.09.22"]
[EventType "team-tourn"]
[EventRounds "7"]
[EventCountry "GEO"]
[SourceTitle "CBM 174 Extra"]
[Source "ChessBase"]
[SourceDate "2016.10.10"]
[SourceVersion "1"]
[SourceVersionDate "2016.10.10"]
[SourceQuality "1"]
[WhiteTeam "Rustavi"]
[BlackTeam "Adjara Nona"]
[WhiteTeamCountry "GEO"]
[BlackTeamCountry "GEO"]

1. d4 Nf6 2. c4 e6 3. Nc3 Bb4 4. Qc2 d6 5. Nf3 Nbd7 6. Bg5 0-0 7. e3 b6 8. Be2 Bb7 9. 0-0 Bxc3 10. Qxc3 Ne4 11. Bxd8 Nxc3 12. bxc3 Rfxd8 13. Rfd1 Rac8 14. Kf1 Nf6 15. Nd2 Ne4 16. Nxe4 Bxe4 17. f3 Bc2 18. Rd2 Ba4 19. Bd1 Bc6 20. Be2 Ba4 21. Bd1 Bc6 22. Be2 Ba4 1/2-1/2

[Event "EU-ch (Women) 17th"]
[Site "Mamaia"]
[Date "2016.06.07"]
[Round "11"]
[White "Khurtsidze, Nino"]
[Black "Styazhkina, Anna"]
[Result "1-0"]
[WhiteElo "2409"]
[BlackElo "2302"]
[PlyCount "87"]
[EventDate "2016.05.27"]
[EventType "swiss"]
[EventRounds "11"]
[EventCountry "ROU"]
[SourceTitle "CBM 172 Extra"]
[Source "ChessBase"]
[SourceDate "2016.06.21"]
[SourceVersion "1"]
[SourceVersionDate "2016.06.21"]
[SourceQuality "1"]

1. d4 d5 2. c4 c6 3. cxd5 cxd5 4. Nc3 Nf6 5. Bf4 Nc6 6. e3 Bg4 7. Qb3 Na5 8. Qa4+ Bd7 9. Qc2 a6 10. Nf3 e6 11. Bd3 Rc8 12. 0-0 b5 13. a3 Be7 14. Ne5 0-0 15. Qe2 Bc6 16. a4 b4 17. Nb1 Nb3 18. Ra2 Bb7 19. Bc2 Na5 20. Bd3 Nc4 21. b3 Nxe5 22. Bxe5 a5 23. Rc2 Bd6 24. Rxc8 Bxc8 25. Qc2 h6 26. Nd2 Bxe5 27. dxe5 Nd7 28. Nf3 Qb6 29. Bb5 Nc5 30. Rc1 Ne4 31. Qc7 Qxc7 32. Rxc7 g5 33. h3 Kg7 34. Nd4 Nc3 35. Bd3 Ne4 36. f3 Nc3 37. Nc6 d4 38. Na7 Rd8 39. Nxc8 Nd5 40. Rc5 dxe3 41. Nd6 f6 42. Rxa5 Nf4 43. Ra7+ Kf8 44. Bh7 1-0

[Event "EU-ch (Women) 17th"]
[Site "Mamaia"]
[Date "2016.06.04"]
[Round "8"]
[White "Khukhashvili, Sopiko"]
[Black "Khurtsidze, Nino"]
[Result "1-0"]
[WhiteElo "2355"]
[BlackElo "2409"]
[PlyCount "77"]
[EventDate "2016.05.27"]
[EventType "swiss"]
[EventRounds "11"]
[EventCountry "ROU"]
[SourceTitle "CBM 172 Extra"]
[Source "ChessBase"]
[SourceDate "2016.06.21"]
[SourceVersion "1"]
[SourceVersionDate "2016.06.21"]
[SourceQuality "1"]

1. d4 Nf6 2. Nf3 e6 3. Bf4 c5 4. e3 b6 5. Bd3 Be7 6. h3 Ba6 7. Bxa6 Nxa6 8. c3 0-0 9. Nbd2 cxd4 10. exd4 Nc7 11. 0-0 Ncd5 12. Bh2 b5 13. Ne5 Nb6 14. Qe2 a6 15. f4 d6 16. Ng4 Qd7 17. Nxf6+ Bxf6 18. Ne4 Be7 19. Rae1 Rfe8 20. Qh5 g6 21. Qf3 Rac8 22. Re2 d5 23. Nf2 b4 24. cxb4 Bxb4 25. Ng4 Be7 26. b3 Qc6 27. Kh1 h5 28. Ne5 Qc3 29. Re3 Qxd4 30. Bg1 Bf6 31. f5 exf5 32. Nd7 Qb2 33. Nxb6 Rxe3 34. Bxe3 Rc2 35. Nxd5 Bg7 36. Ne7+ Kf8 37. Bg5 f6 38. Re1 fxg5 39. Qa8+ 1-0

[Event "EU-ch (Women) 17th"]
[Site "Mamaia"]
[Date "2016.06.03"]
[Round "7"]
[White "Khurtsidze, Nino"]
[Black "Ovod, Evgenija"]
[Result "1-0"]
[WhiteElo "2409"]
[BlackElo "2329"]
[PlyCount "79"]
[EventDate "2016.05.27"]
[EventType "swiss"]
[EventRounds "11"]
[EventCountry "ROU"]
[SourceTitle "CBM 172 Extra"]
[Source "ChessBase"]
[SourceDate "2016.06.21"]
[SourceVersion "1"]
[SourceVersionDate "2016.06.21"]
[SourceQuality "1"]

1. c4 e6 2. Nf3 d5 3. e3 Nf6 4. d4 b6 5. cxd5 exd5 6. Bb5+ c6 7. Bd3 Bg4 8. Qc2 Bxf3 9. gxf3 Be7 10. 0-0 0-0 11. Nd2 a5 12. b3 Ra7 13. Bb2 Rc7 14. f4 Bd6 15. Rad1 Re8 16. Kh1 Nbd7 17. Rg1 Nf8 18. Nf3 Qc8 19. Ne5 Ng6 20. f3 c5 21. Qg2 c4 22. Bc2 c3 23. Bc1 Bf8 24. e4 b5 25. Nxg6 fxg6 26. e5 Nd7 27. f5 gxf5 28. Bxf5 Qb7 29. Qh3 g6 30. Bxg6 hxg6 31. Rxg6+ Bg7 32. Rxg7+ Kxg7 33. Rg1+ Kf8 34. Qf5+ Ke7 35. Bg5+ Nf6 36. Qxf6+ Kd7 37. Qf7+ Kc6 38. Qxe8+ Kb6 39. Bd8 c2 40. Qe7 1-0

[Event "EU-ch (Women) 17th"]
[Site "Mamaia"]
[Date "2016.06.01"]
[Round "6"]
[White "Brunello, Marina"]
[Black "Khurtsidze, Nino"]
[Result "1/2-1/2"]
[WhiteElo "2336"]
[BlackElo "2409"]
[PlyCount "157"]
[EventDate "2016.05.27"]
[EventType "swiss"]
[EventRounds "11"]
[EventCountry "ROU"]
[SourceTitle "CBM 172 Extra"]
[Source "ChessBase"]
[SourceDate "2016.06.21"]
[SourceVersion "1"]
[SourceVersionDate "2016.06.21"]
[SourceQuality "1"]

1. e4 c5 2. Nf3 e6 3. d4 cxd4 4. Nxd4 a6 5. Nc3 Qc7 6. Be2 Nf6 7. 0-0 Be7 8. f4 d6 9. Be3 Nc6 10. Qe1 0-0 11. Qg3 d5 12. e5 Nxd4 13. Bxd4 Bc5 14. Qe3 Nd7 15. Bd3 Bxd4 16. Qxd4 Qc5 17. Ne2 Qxd4+ 18. Nxd4 Nc5 19. Rfd1 Bd7 20. c3 f6 21. exf6 gxf6 22. Bc2 Rae8 23. Nf3 Bc6 24. Re1 Rf7 25. Re3 b6 26. Rae1 Bb7 27. Nd2 Rg7 28. g3 Rge7 29. b4 Nd7 30. Bf5 Kf7 31. Bg4 Nf8 32. Nf3 Ng6 33. Nd4 Bc8 34. Bh5 Kf8 35. Nf3 Bd7 36. Kf2 Rc8 37. h4 Kf7 38. f5 e5 39. Nd4 Ree8 40. fxg6+ hxg6 41. Bf3 exd4 42. Bxd5+ Kf8 43. cxd4 Rxe3 44. Rxe3 Rc2+ 45. Re2 Rc3 46. Bb3 Rd3 47. d5 Rd4 48. a3 a5 49. bxa5 bxa5 50. Re3 a4 51. Bc2 f5 52. Rd3 Rc4 53. Bd1 Ke7 54. d6+ Ke6 55. Bf3 Rc2+ 56. Ke3 Bb5 57. Rd4 Rc3+ 58. Kf4 Rxa3 59. g4 Ra1 60. gxf5+ gxf5 61. h5 Bd7 62. h6 Rb1 63. h7 Rb8 64. Kg5 Kf7 65. Kh6 a3 66. Bd5+ Be6 67. Bxe6+ Kxe6 68. d7 a2 69. d8Q Rxd8 70. Rxd8 a1Q 71. h8Q Qh1+ 72. Kg6 Qg2+ 73. Kh7 Qh2+ 74. Kg8 Qxh8+ 75. Kxh8 f4 76. Rf8 Ke5 77. Kg7 Ke4 78. Kg6 f3 79. Kg5 1/2-1/2

[Event "EU-ch (Women) 17th"]
[Site "Mamaia"]
[Date "2016.05.27"]
[Round "1"]
[White "Khurtsidze, Nino"]
[Black "Sandu, Mihaela"]
[Result "1-0"]
[WhiteElo "2409"]
[BlackElo "2246"]
[PlyCount "71"]
[EventDate "2016.05.27"]
[EventType "swiss"]
[EventRounds "11"]
[EventCountry "ROU"]
[SourceTitle "CBM 172 Extra"]
[Source "ChessBase"]
[SourceDate "2016.06.21"]
[SourceVersion "1"]
[SourceVersionDate "2016.06.21"]
[SourceQuality "1"]

1. d4 Nf6 2. Nf3 g6 3. Bg5 Bg7 4. e3 0-0 5. Nbd2 d5 6. Be2 c5 7. c3 cxd4 8. exd4 Nc6 9. 0-0 h6 10. Bh4 Bf5 11. Ne5 Nxe5 12. dxe5 Ne4 13. Nxe4 dxe4 14. Qxd8 Rfxd8 15. Rfd1 Bxe5 16. Bxe7 Rxd1+ 17. Rxd1 Be6 18. a3 f5 19. f3 e3 20. Bd6 Bg7 21. Bf4 Bb3 22. Rd7 Re8 23. Rxb7 g5 24. Rb8 Rxb8 25. Bxb8 a5 26. f4 Bf8 27. Bd3 Bc5 28. Kf1 Kf7 29. Bxf5 Bc4+ 30. Ke1 a4 31. fxg5 hxg5 32. Be5 Ke7 33. g3 Kf7 34. Bd4 Bxd4 35. cxd4 Kf6 36. Bd7 1-0

[Event "GEO-ch (Women) 73rd"]
[Site "Tbilisi"]
[Date "2016.04.03"]
[Round "9"]
[White "Khurtsidze, Nino"]
[Black "Gvetadze, Sofio"]
[Result "1-0"]
[WhiteElo "2414"]
[BlackElo "2310"]
[PlyCount "81"]
[EventDate "2016.03.25"]
[EventType "tourn"]
[EventRounds "11"]
[EventCountry "GEO"]
[EventCategory "4"]
[SourceTitle "CBM 171 Extra"]
[Source "ChessBase"]
[SourceDate "2016.04.26"]
[SourceVersion "1"]
[SourceVersionDate "2016.04.26"]
[SourceQuality "1"]

1. d4 g6 2. Nf3 Bg7 3. c4 c5 4. d5 Nf6 5. Nc3 0-0 6. e4 e6 7. Bd3 exd5 8. cxd5 d6 9. 0-0 Na6 10. h3 Rb8 11. Bf4 Nc7 12. a4 a6 13. Rb1 Nh5 14. Bg5 Bf6 15. Bd2 a5 16. Be3 Re8 17. Nd2 b6 18. Be2 Ng7 19. Qc2 Re7 20. Rbd1 Bd4 21. Bg5 f6 22. Bh6 Qe8 23. Bb5 Bd7 24. Nc4 Nxb5 25. Nxb5 Be5 26. Ncxd6 Bxd6 27. Nxd6 Bxa4 28. b3 Qd8 29. e5 fxe5 30. Nc4 Rd7 31. bxa4 Nf5 32. Be3 Qf6 33. Qe4 Re8 34. d6 Kg7 35. Qc6 Red8 36. Qxb6 Nd4 37. Qxc5 Ne2+ 38. Kh1 Nc3 39. Nxe5 Nxd1 40. Nxd7 Qe6 41. Qd4+ 1-0

[Event "GEO-ch (Women) 73rd"]
[Site "Tbilisi"]
[Date "2016.03.29"]
[Round "5"]
[White "Melia, Salome"]
[Black "Khurtsidze, Nino"]
[Result "1/2-1/2"]
[WhiteElo "2452"]
[BlackElo "2414"]
[PlyCount "70"]
[EventDate "2016.03.25"]
[EventType "tourn"]
[EventRounds "11"]
[EventCountry "GEO"]
[EventCategory "4"]
[SourceTitle "CBM 171 Extra"]
[Source "ChessBase"]
[SourceDate "2016.04.26"]
[SourceVersion "1"]
[SourceVersionDate "2016.04.26"]
[SourceQuality "1"]

1. e4 c5 2. Nf3 e6 3. d4 cxd4 4. Nxd4 a6 5. Bd3 Nf6 6. 0-0 Qc7 7. Qe2 d6 8. c4 g6 9. Nc3 Bg7 10. Nf3 0-0 11. Rd1 b6 12. Bf4 Nh5 13. Be3 Nd7 14. Rac1 Bb7 15. Bb1 Rfe8 16. Qd2 Bf8 17. Bh6 Be7 18. Qd4 Rac8 19. b3 Nhf6 20. h3 Qb8 21. Nh2 Bc6 22. Ng4 b5 23. Nxf6+ Bxf6 24. Qxd6 Qxd6 25. Rxd6 bxc4 26. bxc4 Be7 27. Rdd1 Ba3 28. Rc2 Ne5 29. Bc1 Bf8 30. c5 Bxc5 31. Nd5 exd5 32. Rxc5 dxe4 33. Bf4 Nd3 34. Bxd3 exd3 35. Rxd3 Bb5 1/2-1/2

[Event "GEO-ch (Women) 73rd"]
[Site "Tbilisi"]
[Date "2016.03.27"]
[Round "3"]
[White "Javakhishvili, Lela"]
[Black "Khurtsidze, Nino"]
[Result "1-0"]
[WhiteElo "2489"]
[BlackElo "2414"]
[PlyCount "69"]
[EventDate "2016.03.25"]
[EventType "tourn"]
[EventRounds "11"]
[EventCountry "GEO"]
[EventCategory "4"]
[SourceTitle "CBM 171 Extra"]
[Source "ChessBase"]
[SourceDate "2016.04.26"]
[SourceVersion "1"]
[SourceVersionDate "2016.04.26"]
[SourceQuality "1"]

1. d4 Nf6 2. c4 e6 3. Nf3 d5 4. g3 dxc4 5. Bg2 Nc6 6. Qa4 Bd6 7. 0-0 0-0 8. Qxc4 e5 9. d5 Nb4 10. Nc3 c6 11. dxc6 Be6 12. Qh4 Nxc6 13. Rd1 Qb8 14. Bg5 Ne7 15. Bxf6 Ng6 16. Qh5 gxf6 17. Nh4 Rd8 18. Nd5 Kg7 19. Nf5+ Bxf5 20. Qxf5 Be7 21. h4 Qd6 22. h5 Nf8 23. Qg4+ Kh8 24. Ne3 Qb4 25. Be4 Ne6 26. Nd5 Rxd5 27. Rxd5 Qxb2 28. Rb1 Qa3 29. Rd7 Rg8 30. Qf5 Nf8 31. Rdxb7 Rg5 32. Qf3 Qc5 33. R1b5 Qd6 34. Qd3 Qe6 35. Bd5 1-0

[Event "GEO-ch (Women) 73rd"]
[Site "Tbilisi"]
[Date "2016.03.25"]
[Round "1"]
[White "Arabidze, Meri"]
[Black "Khurtsidze, Nino"]
[Result "0-1"]
[WhiteElo "2390"]
[BlackElo "2414"]
[PlyCount "84"]
[EventDate "2016.03.25"]
[EventType "tourn"]
[EventRounds "11"]
[EventCountry "GEO"]
[EventCategory "4"]
[SourceTitle "CBM 171 Extra"]
[Source "ChessBase"]
[SourceDate "2016.04.26"]
[SourceVersion "1"]
[SourceVersionDate "2016.04.26"]
[SourceQuality "1"]

1. d4 Nf6 2. c4 e6 3. Nf3 d5 4. Nc3 Bb4 5. Bg5 h6 6. Bxf6 Qxf6 7. Qa4+ Nc6 8. e3 0-0 9. Be2 Bd7 10. Qb3 dxc4 11. Qxc4 Bd6 12. 0-0 e5 13. d5 Ne7 14. Ne4 Qg6 15. Nh4 Qh7 16. Bd3 f5 17. Nxd6 cxd6 18. Qc7 Rad8 19. Bc4 e4 20. Qxd6 Nc8 21. Qe5 Rde8 22. Qd4 Nd6 23. g3 g5 24. Ng2 f4 25. exf4 gxf4 26. Nh4 Qg7 27. Qxg7+ Kxg7 28. Rfc1 f3 29. Bf1 Rc8 30. h3 Kf6 31. Kh2 Kg5 32. b4 Rxc1 33. Rxc1 Rc8 34. Rd1 Rc2 35. Kg1 Rxa2 36. Rc1 Be8 37. b5 Rb2 38. Ra1 Rd2 39. Rxa7 Rd1 40. Ng2 fxg2 41. Kxg2 Rxd5 42. b6 Rd2 0-1

[Event "GEO-chT"]
[Site "Ureki"]
[Date "2015.10.08"]
[Round "4.2"]
[White "Khurtsidze, Nino"]
[Black "Gavasheli, Ana"]
[Result "1-0"]
[WhiteElo "2426"]
[BlackElo "2168"]
[PlyCount "59"]
[EventDate "2015.10.05"]
[EventType "team-tourn"]
[EventRounds "7"]
[EventCountry "GEO"]
[SourceTitle "CBM 168 Extra"]
[Source "ChessBase"]
[SourceDate "2015.10.29"]
[SourceVersion "1"]
[SourceVersionDate "2015.10.29"]
[SourceQuality "1"]
[WhiteTeam "Rustavi"]
[BlackTeam "Ambrolauri"]
[WhiteTeamCountry "GEO"]
[BlackTeamCountry "GEO"]

1. d4 d5 2. Nf3 e6 3. c4 c5 4. cxd5 exd5 5. Nc3 Nc6 6. g3 Nf6 7. Bg2 Be7 8. 0-0 0-0 9. b3 b6 10. Bb2 Bb7 11. dxc5 bxc5 12. Rc1 Rc8 13. Bh3 Rb8 14. Na4 Ne4 15. Nd2 Qa5 16. Nxe4 dxe4 17. Qe1 Qa6 18. Rxc5 e3 19. Rc4 Na5 20. Rg4 f6 21. fxe3 Bc8 22. Rh4 Bxh3 23. Rxh3 Nxb3 24. axb3 Rxb3 25. Rh4 f5 26. Rhf4 Rxe3 27. Qd2 Rxe2 28. Qd5+ Kh8 29. Rxf5 Rxf5 30. Qa8+ 1-0

[Event "GEO-chT"]
[Site "Ureki"]
[Date "2015.10.06"]
[Round "2.1"]
[White "Khurtsidze, Nino"]
[Black "Gvetadze, Sofio"]
[Result "1-0"]
[WhiteElo "2426"]
[BlackElo "2314"]
[PlyCount "83"]
[EventDate "2015.10.05"]
[EventType "team-tourn"]
[EventRounds "7"]
[EventCountry "GEO"]
[SourceTitle "CBM 168 Extra"]
[Source "ChessBase"]
[SourceDate "2015.10.29"]
[SourceVersion "1"]
[SourceVersionDate "2015.10.29"]
[SourceQuality "1"]
[WhiteTeam "Rustavi"]
[BlackTeam "Tbilisi"]
[WhiteTeamCountry "GEO"]
[BlackTeamCountry "GEO"]

1. d4 Nf6 2. Nf3 e6 3. c4 Bb4+ 4. Nbd2 d5 5. Qa4+ Nc6 6. a3 Bxd2+ 7. Bxd2 Ne4 8. Rd1 0-0 9. e3 Ne7 10. Bd3 Nxd2 11. Rxd2 Ng6 12. Qc2 Bd7 13. 0-0 c6 14. Bxg6 hxg6 15. Ne5 Be8 16. f4 f6 17. Nf3 dxc4 18. Qxc4 Bf7 19. Qc2 Qa5 20. e4 Rac8 21. Rc1 Rfd8 22. Qd1 Rd7 23. Rc5 Qa6 24. Qc2 Rcd8 25. Qc3 Qb6 26. b4 a6 27. a4 Qa7 28. Rd3 Qb8 29. Qd2 Qa7 30. Qc1 Qb6 31. Qc3 Qa7 32. e5 Rd5 33. Nd2 g5 34. exf6 Bg6 35. Re3 gxf4 36. Rxe6 Rxd4 37. Nf1 Rd3 38. Qe1 a5 39. Re7 Bf7 40. Rxf7 gxf6 41. Re7 axb4 42. Qe6+ 1-0

[Event "EU-ch rapid (Women)"]
[Site "Kutaisi"]
[Date "2015.06.03"]
[Round "10"]
[White "Ibrahimova, Sabina Oqtay"]
[Black "Khurtsidze, Nino"]
[Result "0-1"]
[WhiteElo "2272"]
[BlackElo "2451"]
[PlyCount "93"]
[EventDate "2015.06.01"]
[EventType "swiss (rapid)"]
[EventRounds "11"]
[EventCountry "GEO"]
[SourceTitle "CBM 166 Extra"]
[Source "ChessBase"]
[SourceDate "2015.06.18"]
[SourceVersion "1"]
[SourceVersionDate "2015.06.18"]
[SourceQuality "1"]

1. e4 c5 2. Nf3 e6 3. d4 cxd4 4. Nxd4 a6 5. Nc3 Qc7 6. g3 Bb4 7. Nde2 Nf6 8. Bg2 0-0 9. 0-0 Be7 10. h3 Nc6 11. f4 d6 12. g4 b5 13. a3 Bb7 14. g5 Nd7 15. Be3 b4 16. axb4 Nxb4 17. Ng3 Rfe8 18. h4 Rad8 19. h5 d5 20. exd5 exd5 21. Bd4 Bc5 22. Nf5 Bxd4+ 23. Nxd4 Nc5 24. Nce2 Ne4 25. Ra3 a5 26. Rh3 Ba6 27. c3 Nc6 28. Rff3 Qb6 29. Rd3 Bxd3 30. Rxd3 Nxd4 31. cxd4 Qxb2 32. h6 Nxg5 33. Rd2 Qa3 34. fxg5 Qe3+ 35. Kh2 Qxg5 36. hxg7 Qh4+ 37. Kg1 Rd6 38. Rd3 Rde6 39. Rh3 Qg4 40. Qb1 Rg6 41. Ng3 Qxd4+ 42. Kh2 Qe5 43. Qb5 d4 44. Qd3 Qf4 45. Be4 Qf2+ 46. Kh1 Rc8 47. Qa3 0-1

[Event "EU-ch rapid (Women)"]
[Site "Kutaisi"]
[Date "2015.06.01"]
[Round "2"]
[White "Stefanova, Antoaneta"]
[Black "Khurtsidze, Nino"]
[Result "1-0"]
[WhiteElo "2512"]
[BlackElo "2451"]
[PlyCount "75"]
[EventDate "2015.06.01"]
[EventType "swiss (rapid)"]
[EventRounds "11"]
[EventCountry "GEO"]
[SourceTitle "CBM 166 Extra"]
[Source "ChessBase"]
[SourceDate "2015.06.18"]
[SourceVersion "1"]
[SourceVersionDate "2015.06.18"]
[SourceQuality "1"]

1. Nf3 d5 2. g3 Nf6 3. Bg2 e6 4. 0-0 b5 5. d3 Bb7 6. Ne5 Nbd7 7. f4 c5 8. e3 Bd6 9. d4 0-0 10. Nd2 Ne4 11. Nxd7 Nxd2 12. Nxf8 Nxf1 13. Nxe6 fxe6 14. Bxf1 Qb6 15. c3 b4 16. Bd3 Ba6 17. Bc2 cxd4 18. exd4 Rf8 19. Be3 bxc3 20. bxc3 Qc7 21. Bd2 e5 22. fxe5 Bxe5 23. Qg4 Qf7 24. Be3 Bc7 25. Re1 Ba5 26. Bf4 Bxc3 27. Rd1 Qf6 28. Qh5 h6 29. Qxd5+ Qf7 30. Qc5 Bc4 31. d5 Be2 32. Qxc3 Bxd1 33. Bxd1 g5 34. d6 Qg7 35. Bb3+ Kh7 36. Qxg7+ Kxg7 37. Be5+ Kg6 38. d7 1-0

[Event "EU-ch (Women) 16th"]
[Site "Chakvi"]
[Date "2015.05.30"]
[Round "11"]
[White "Khurtsidze, Nino"]
[Black "Guramishvili, Sopiko"]
[Result "1/2-1/2"]
[WhiteElo "2451"]
[BlackElo "2370"]
[PlyCount "88"]
[EventDate "2015.05.19"]
[EventType "swiss"]
[EventRounds "11"]
[EventCountry "GEO"]
[SourceTitle "CBM 166 Extra"]
[Source "ChessBase"]
[SourceDate "2015.06.18"]
[SourceVersion "1"]
[SourceVersionDate "2015.06.18"]
[SourceQuality "1"]

1. d4 Nf6 2. Nf3 g6 3. Bg5 Bg7 4. Nbd2 d6 5. e4 c5 6. d5 0-0 7. Bd3 e6 8. 0-0 exd5 9. exd5 Qc7 10. c4 b5 11. cxb5 Bb7 12. Nc4 Re8 13. Bf4 Bf8 14. Qd2 Bxd5 15. Rac1 Nbd7 16. Rfd1 Nb6 17. b4 Qd7 18. bxc5 Nxc4 19. Bxc4 Bxc4 20. c6 Qe6 21. Ng5 Qe2 22. Qc3 h6 23. Nh3 Bxb5 24. Qxf6 Bxc6 25. Bg3 Ba4 26. Rf1 Bb5 27. a3 Rac8 28. Kh1 Rxc1 29. Rxc1 Qd2 30. Rg1 Bc6 31. Bf4 Qd5 32. Be3 a6 33. Bd4 Re5 34. Bxe5 dxe5 35. f3 Bxa3 36. Re1 Bd6 37. Nf2 Qd2 38. Rd1 Qxf2 39. Qxd6 Bxf3 40. gxf3 Qxf3+ 41. Kg1 Qe3+ 42. Kg2 Qe2+ 43. Kg3 Qe3+ 44. Kg2 Qe2+ 1/2-1/2